00551nam a2200133Ia 4500008005200000082001600052100002200068245015300090260006800243300001000311650001200321650006300333650002100396200103s 1957 ||||xx |||||||||||||| ||und|| a623.85bHAA aHaan, Jurriaan de 0aPractical shipbuilding B : a manual for the construction of seagoing merchant ships and war-ships ( rigging, equipment and outfit of seagoing ships) bthe technical pulishing company H. STAM, HAARLEMc1957aHolland a468p. aRigging aAnchors, chains, Windlasses Hawse Pipes, Hawsers and Warps aN. Steering Gear